000 00936nam a22003137a 4500
003 CHAP
005 20220329134559.0
008 971013s1969 r 00010 d
010 _a22483
011 _a23455
035 _a27551
040 _cCHAP
082 _a301.3
_bD8
100 0 0 _aDubos, René Jules.
_934337
245 _aMan, medicine and environment
260 _aNew York :
_bNew American Library,
_c1969
300 _a160 p.
490 _aAmentor book
590 _aBATCH-UPD
_b10
_c20130110
_lUCH01
_h1747
590 _aBATCH-UPD
_b10
_c20130410
_lUCH01
_h1125
590 _aBATCH-UPD
_b10
_c20130914
_lUCH01
_h1619
590 _aCONVERSION
_b10
_c20130109
_lUCH01
_h1313
650 1 4 _aHombre
_xInfluencia del medio ambiente.
_956040
650 1 4 _aMedicina.
_973899
830 0 _aAmentor book
_95213
901 _aBK
942 _cLIBRO
949 _a301.3 D8
_bBC
_cLIBRO
_d33724000292199
_eLIBRO
_h38798
_i27551
_mD. Hdz. X.
_si
999 _c22483
_d22483